000 00548nam a22001577a 4500
008 180814b xxu||||| |||| 00| 0 eng d
020 _a0406091331
050 _aKD277.5.L39(1878-80)
245 _aThe Law Reports: Common pleas division of the High Court of Justice. /
_cEdited by : James Redfoord Bulwer, Q.C.
260 _aLondon:
_bButterworth and Co,
_c1878.
300 _axv, 555 p.:
_c24cm.
440 _aCommon Pleas Division
_vvol.4-5
700 _aBulwer, James Redfoord Q.C.
800 _aJames Redfoord Bulwer, Q.C.
942 _2lcc
_cBK
999 _c6660
_d14160